الفارس المملوکى
محفوظ في:
المؤلف الرئيسي:
التنسيق: كتاب
اللغة: Undetermined
منشور في:
Miṣr
Matbaeat misr
1956
سلاسل:
المجلة التاریخیة المصریة, 5
الوسوم: إضافة وسم
لا توجد وسوم, كن أول من يضع وسما على هذه التسجيلة!
رقم الطلب: N23 ARIN
| LEADER | 00486nam a2200157Ia 4500 | ||
|---|---|---|---|
| 008 | 240404s9999||||xx |||||||||||||| ||und|| | ||
| 050 | 4 | |a N23 ARIN | |
| 100 | 1 | |a السید الباز العرینى. | |
| 245 | 1 | 0 | |a الفارس المملوکى |c السید الباز العرینى |
| 264 | 1 | |a Miṣr |b Matbaeat misr |c 1956 | |
| 300 | |a 72 |c 25 | ||
| 490 | 0 | |a المجلة التاریخیة المصریة, 5 | |
| 500 | |a Arab Union Catalog | ||
| 500 | |a Arabic | ||
| 942 | |2 lcc |c BK | ||
| 999 | |c 58086 |d 58086 | ||
